000
00292nam a2200121Ia 4500
008
190216s9999||||xx |||||||||||||| ||und||
100
_a
Null
245
0
_a
"Prevention Of Food Adultration Act ,1954"
260
_b
Central Book Depot
_c
1985
300
_a
148p
650
_a
Commerce
942
_c
BK
999
_c
8329
_d
8329